[Event "Twente Young Master op-C"]
[Site "Twente"]
[Date "2007.08.10"]
[Round "7"]
[White "Knepper, Jorian"]
[Black "Verschoor, Nick"]
[Result "1/2-1/2"]
[WhiteElo "1415"]
[BlackElo "1470"]
[PlyCount "71"]
[EventDate "2007.08.06"]
[EventType "swiss"]
[EventRounds "9"]
[EventCountry "NED"]
[SourceTitle "EXT 2008"]
[Source "ChessBase"]
[SourceDate "2007.11.25"]
[SourceVersion "1"]
[SourceVersionDate "2007.11.25"]
[SourceQuality "1"]

1. d4 d5 2. c4 e6 3. Nc3 Nf6 4. Bg5 Bb4 5. e3 0-0 6. Nf3 Nbd7 7. Qc2 h6 8. Bh4 Qe8 9. Bd3 b6 10. a3 Bxc3+ 11. Qxc3 Ba6 12. Nd2 c6 13. b4 Rc8 14. c5 Bxd3 15. Qxd3 bxc5 16. bxc5 Rb8 17. 0-0 Rb7 18. Bg3 Qc8 19. Rab1 Rxb1 20. Rxb1 a5 21. f3 Qa8 22. a4 Re8 23. Nb3 e5 24. Re1 exd4 25. exd4 Nh5 26. Rxe8+ Qxe8 27. Kf2 Nxg3 28. hxg3 Qb8 29. Qc3 Qb4 30. Qxb4 axb4 31. Ke3 Kf8 32. Kd3 Ke8 33. Kc2 Nb8 34. Na5 Kd7 35. Kb3 Na6 36. Nb7 1/2-1/2